000
00283nam a22001337a 4500
008
181024b xxu||||| |||| 00| 0 eng d
020
_a
9780521120326
041
_a
eng
080
_a
371
100
_a
46
101
_a
EDU
245
_a
Writers at Work
_c
Blass,L
942
_2
udc
_c
BK
999
_c
50788
_d
50788